00824nam a2200217 4500003000900000020001800009040002800027100002900055245008000084260004000164300005300204490008400257650002700341650003200368650005100400650002200451650002900473650004400502700003200546700002800578CO-ViMGA a9789588954158 aCO-ViMGAbspacCO-ViMGA1 aToma, Sebastiano,d1955-10aEl cielo sobre Berlín :blas alas del deseo /cSebastiano y Lorenzo Toma  aBogotá :bEdiciones Babel,c2016. a192 páginas :bilustraciones en color ; 26 cm. aPlan Nacional de Lectura y Escritura Leer es mi Cuento / Ministerio de Cultura 14aAmor en la literatura 14aÁngeles en la literatura 14aBerlín (Alemania)xVida social y costumbres 14aLiteratura belga 14aNovela gráfica belga 14aWenders, Win xadaptaciones literarias 1 aGauger, Carmen,etraductor 1 aToma, Lorenzo, d1994-